000 00960naa a22002777u 4500
001 08181
003 HDC
007 cr bn ---aaaaa
008 210129s2002 nyu eng
040 _aHDC
100 _aGRIGOR, JOHN M. V.,
_eauthor
_98696
245 0 _aFood Additives :
_bFood Additives for Special Dietary Purposes /
_cby JOHN M. V. GRIGOR, WENDY S. JOHNSON and SEPPO SALMINEN
250 _aSecond Edition, Revised and Expanded
260 _aNew York :
_bMarcel Dekker,
_c2002
300 _a10 pages
336 _atext
_2rdacontent
337 _acomputer
_2rdamedia
338 _aonline resource
_2rdacarrier
500 _aOriginal from book
650 _aFood additives
_91491
650 _aFood
_91783
856 _zRequest full-text at [email protected]
942 _2lcc
942 _cCHAP
942 _kEBCH 004803
999 _c5504
_d5504